| 000 | 01111nmm a2200325 a 4500 | ||
|---|---|---|---|
| 001 | ocm0002347747 | ||
| 003 | TR-IsHL | ||
| 005 | 20201028190220.0 | ||
| 008 | 191223s2019 tu tur | ||
| 007 | cr cn | ||
| 020 | _a9786052815908 | ||
| 035 |
_a2347747 _b(N$T) |
||
| 050 | 0 | 4 |
_aDS63.18 _b.A73 2019 |
| 090 | 0 | 4 |
_aDS63.18 _b.A73 2019 |
| 245 | 1 | 0 |
_aArap Baharı sonrası Ortadoğu: Bölgesel dönüşüm ve reaksiyonlar _h[electronic resource] / _ceditör Dr. M. Cüneyt Özşahin, Dr. Orhan Battır |
| 250 | _a1. baskı | ||
| 260 |
_aİstanbul : _bHiperyayın, _c2019 |
||
| 300 | _a448 p. | ||
| 500 | _aKaynakça sayfa 434-439 | ||
| 650 | 4 | _aTarih | |
| 650 | 4 | _aHistory | |
| 650 | 0 | _aArap Baharı, 2010- | |
| 650 | 0 | _aArab spring, 2010- | |
| 650 | 0 |
_aArap ülkeleri _x Politika ve idare |
|
| 650 | 0 |
_aArab countries _x Politics and government |
|
| 650 | 7 |
_aHISTORY / Middle East / Arabian Peninsula _2bisacsh |
|
| 700 | 1 | _aÖzşahin, M. Cüneyt | |
| 700 | 1 | _aBatır, Orhan | |
| 856 | 4 | 0 | _uhttp://search.ebscohost.com/login.aspx?direct=true&scope=site&db=e011xww&AN=2347747 |
| 999 |
_c21818 _d21818 |
||